000 00217nam a2200097Ia 4500
008 240625s9999 xx 000 0 und d
041 _aeng
100 _aPC QUEST
245 _aP C QUEST BONEZ ADVENTURES
260 _c2005
999 _c33447
_d33447